KOHA-Header-6

Microwave Devices and Circuits (Record no. 13224)

000 -LEADER
fixed length control field 00308nam a22001337a 4500
020 ## - INTERNATIONAL STANDARD BOOK NUMBER
ISBN 9788177583533
082 ## - DEWEY DECIMAL CLASSIFICATION NUMBER
Classification number 621.3813
100 ## - MAIN ENTRY--AUTHOR NAME
Personal name Samuel Y. Liao
245 #0 - TITLE STATEMENT
Title Microwave Devices and Circuits
250 ## - EDITION STATEMENT
Edition statement 3rd Edition
260 ## - PUBLICATION, DISTRIBUTION, ETC. (IMPRINT)
Place of publication New Delhi India
Name of publisher Pearson
Year of publication 2009
300 ## - PHYSICAL DESCRIPTION
Number of Pages 561 pages
942 ## - ADDED ENTRY ELEMENTS (KOHA)
Koha item type Books
Holdings
Withdrawn status Lost status Collection code Permanent Location Current Location Shelving location Date acquired Full call number Accession Number Koha item type
    Electrical Engineering MAJU MAJU Shelf No.A34 2022-02-22 621.3813 10286 Electrical Engineering

Powered by Koha